Leadership wisdom : the 8 rituals of visionary leaders
| Main Author: | |
|---|---|
| Format: | Book |
| Language: | English |
| Published: |
Ahmedabab :
JaicoPub.House ,
2003
|
| Subjects: |
MARC
| LEADER | 00000cam a2200000 7i4500 | ||
|---|---|---|---|
| 001 | 0000024149 | ||
| 005 | 20120111.0 | ||
| 008 | 120110s ii eng | ||
| 020 | |a 108179922316 , |c RM454.00 | ||
| 040 | |a INS | ||
| 090 | 0 | 0 | |a HD57.7 |b S43 2003 |
| 100 | 1 | |a Sharma,Robin S. | |
| 245 | 1 | 0 | |a Leadership wisdom : |b the 8 rituals of visionary leaders |c Robin,Sharma |
| 260 | |a Ahmedabab : |b JaicoPub.House , |c 2003 | ||
| 300 | |a vii,254p. ; |c 23cm. | ||
| 650 | 0 | |a Business | |
| 650 | 0 | |a Industrial management | |
| 650 | 0 | |a Management leadership skills | |
| 999 | |a 1000000623 |b BOOK |c Open Shelf |e Default branch | ||